Synaptic Feed-backs Mediated by Potassium Ions

Bibliographic Details
Main Authors: Matyushkin, D. P. (Author), Krivoi, I. I. (Author), Drabkina, T. M. (Author)
Format: Article
Language:Slovak
English

MARC

LEADER 00000nab a2200000 a 4500
001 vtls010736720
003 SK-MaSNL
005 20260304192820.0
008 250709s1995 xo |||||||||||||||||slo|
035 |a (urnnbn)urn:nbn:sk:snk:ar-a05izh 
035 |a (uuid)4e7d12e0-0be7-4ad8-8485-c581dcd0bd6b 
035 |a urn:nbn:sk:snk-ab3y24 
040 |a SNKBUCL  |b slo  |c SNKBUCL  |e AACR2 
041 0 |a eng 
044 |a xo  |c SK 
100 1 |a Matyushkin, D. P.  |4 aut  |9 1522342 
245 1 0 |a Synaptic Feed-backs Mediated by Potassium Ions  |c D. P. Matyushkin, I. I. Krivoi, T. M. Drabkina 
700 1 |a Krivoi, I. I.  |4 aut  |9 1525894 
700 1 |a Drabkina, T. M.  |4 aut  |9 1522341 
773 0 |t General physiology and biophysics : an international journal  |g Roč. 14, č. 5 (1995), s. 369-381 
850 |a Slovenská národná knižnica 
852 |a Slovenská národná knižnica 
958 |a article1 
958 |a OND 
958 |a EUIPO 
999 |c 3064483  |d 3066413